| 000 | 00801nam a2200241 4500 | ||
|---|---|---|---|
| 001 | 120717 | ||
| 003 | ES-MaACL | ||
| 005 | 20230906191617.0 | ||
| 007 | t| | ||
| 008 | 070214s1931 sp r ||||1| spa d | ||
| 100 | 1 |
_aPrado, Ramón del. _993615 |
|
| 245 | 1 | 3 |
_aLa acción social / _cRamón del Prado. |
| 260 |
_aCórdoba : _bLa Comercial, _c1931. |
||
| 300 |
_a28 p. ; _c24 x 17 cm. |
||
| 505 | 8 | _aContiene: El magno problema agrario ; Paro forzoso ; Cuestión social ; Parcelaciones en venta de latifundios ; Absentismo ; Problema triguero | |
| 740 | 0 | _aEl magno problema agrario. | |
| 740 | 0 | _aParo forzoso. | |
| 740 | 0 | _aCuestión social. | |
| 740 | 0 | _aParcelaciones en venta de latifundios. | |
| 740 | 0 | _aAbsentismo. | |
| 740 | 0 | _aProblema triguero. | |
| 852 |
_aES-MaACL _j1753-F-11 |
||
| 999 |
_c120717 _d120717 |
||